000 01016cab a2200253 4500
001 ABS58467
008 090401t1998 xxu||||| |||| 00| 0 eng d
035 _a(Sirsi) u85029
041 _aeng
100 _aLeigh, G.L.
245 _aResidential service charges: sinking funds
260 _c1998
350 _a0
490 _aSolicitors` Journal
_v142(9) 6 March 1998, 204(1)
520 _aQueries whether an intending assignor is entitled to require repayment of their service charge balance on assignment. Refers to "Leahy v AG of New South Wales" [1959] 2 All ER 300, summarised in "Neville Estates Ltd v Madden" [1961] 3 All ER 769.
650 _aLANDLORD AND TENANT ACT 1987 S42
650 _aREPAYMENT
650 _aPROPERTY-RESIDENTIAL PROPERTY-RESIDENTIAL LANDLORD AND TENANT-RESIDENTIAL TENANCIES
650 _aSERVICE CHARGES
650 _aSINKING FUNDS
690 _aPROPERTY-RESIDENTIAL PROPERTY-RESIDENTIAL LANDLORD AND TENANT-RESIDENTIAL TENANCIES
942 _n0
948 _c18/03/1998
999 _c53452
_d53452